000 00656nam a2200277Ia 4500
005 20260324140548.0
008 008 260324s9999 xx 000 0 eng d
020 _a9780203989463
037 _aEBOOK
040 _aCRL
040 _beng
040 _cCRL
041 _2eng
041 _aeng
084 _qCRL
100 _aJaki Howes; Christopher Woodward
_91204875
245 0 _aComputing in Architectural Practice
260 _bTaylor and Francis
260 _c1998
365 _a
365 _b300
856 _uhttp://www.taylorfrancis.com/books/9780203989463
942 _cEBOOK
999 _c1807072
_d1807072